Parliamentary Memorandum By The Minister For Railways Development For Approval Of Addendum No. 1 To The Commercial Agreement Between The Ghana Railways Development Authority And Afcons Infrastructure Limited, India For Variation In Respect Of The Ongoing Railway Construction Works Between The Port Od Tema And Mpakadan (Record no. 4919)

MARC details
000 -LEADER
fixed length control field 00790nam a22001697a 4500
003 - CONTROL NUMBER IDENTIFIER
control field OSt
005 - DATE AND TIME OF LATEST TRANSACTION
control field 20241203102558.0
008 - FIXED-LENGTH DATA ELEMENTS--GENERAL INFORMATION
fixed length control field 241203b |||||||| |||| 00| 0 eng d
041 ## - LANGUAGE CODE
Language code of text/sound track or separate title English
082 ## - DEWEY DECIMAL CLASSIFICATION NUMBER
Classification number PM/GRD/20 Acc. No. 8,558
110 ## - MAIN ENTRY--CORPORATE NAME
Corporate name or jurisdiction name as entry element Ministry Of Railways Development
245 ## - TITLE STATEMENT
Title Parliamentary Memorandum By The Minister For Railways Development For Approval Of Addendum No. 1 To The Commercial Agreement Between The Ghana Railways Development Authority And Afcons Infrastructure Limited, India For Variation In Respect Of The Ongoing Railway Construction Works Between The Port Od Tema And Mpakadan
260 ## - PUBLICATION, DISTRIBUTION, ETC.
Place of publication, distribution, etc. Accra
Name of publisher, distributor, etc. Parliament Of Ghana
Date of publication, distribution, etc. 5th August, 2020
300 ## - PHYSICAL DESCRIPTION
Extent 8P
650 ## - SUBJECT ADDED ENTRY--TOPICAL TERM
Source of heading or term Railway Construction Works Between The Port Od Tema And Mpakadan
942 ## - ADDED ENTRY ELEMENTS (KOHA)
Source of classification or shelving scheme Dewey Decimal Classification
Koha item type Memorandum
Suppress in OPAC No
Holdings
Withdrawn status Lost status Source of classification or shelving scheme Damaged status Not for loan Home library Current library Shelving location Date acquired Total checkouts Full call number Date last seen Copy number Price effective from Koha item type
    Dewey Decimal Classification     Main Library Main Library Open Shelves 03/12/2024   PM/GRD/20 Acc. No. 8,558 03/12/2024 1 03/12/2024 Memorandum
©2026  Parliament of Ghana Library - All rights reserved